000 00840nam a2200277 4500
001 66345
003 ES-MaACL
005 20250824010928.0
007 t|
008 880818s1985 sp a ||||0| spa d
016 7 _zIBH8605102453
020 _a84-398-5228-2
040 _aM-BN
_bspa
_cM-BN
080 _a78(463.1)"19"
100 1 _aVirgili Blanquet, María Antonia.
_9115449
245 1 3 _aLa música en Valladolid en el siglo XX /
_cMaria Antonia Virgili Blanquet.
260 _aValladolid :
_bAteneo,
_c1985.
300 _a423 p :
_bil ;
_c22 cm.
490 1 _aHistoria de Valladolid ;
_v11
500 _aIndice.
650 1 4 _aMúsica-
_zValladolid
_915402
710 2 _aAteneo de Valladolid.
_92031
830 0 _aHistoria de Valladolid ;
_v11
_9182993
852 _aES-MaACL
_jL-26831
_bR.132450
999 _c66345
_d66345